[Event "IECC M email"]
[Site "IECC email"]
[Date "1999.07.27"]
[Round "?"]
[White "Hofmann, Andreas"]
[Black "Loder, William"]
[Result "1-0"]
[WhiteElo "1100"]
[BlackElo "1078"]
[PlyCount "49"]
[EventDate "1999.??.??"]
[EventType "tourn (corr)"]
[EventRounds "6"]
[SourceTitle "Corr 2008"]
[Source "ChessBase"]
[SourceDate "2008.06.24"]
[SourceVersion "1"]
[SourceVersionDate "2008.06.24"]
[SourceQuality "1"]

1. d4 d5 2. c4 e6 3. Nc3 Nf6 4. e3 b6 5. Nf3 c5 6. Be2 Nc6 7. 0-0 Be7 8. cxd5 Nxd5 9. Nxd5 exd5 10. Bb5 Qd6 11. Ne5 Bd7 12. Nxd7 Qxd7 13. Qa4 Rc8 14. dxc5 bxc5 15. b3 0-0 16. Ba3 Qc7 17. Rac1 Ne5 18. Ba6 Rcd8 19. Rc3 Nd7 20. Rfc1 Rfe8 21. Bb5 Bd6 22. Bxd7 Rxd7 23. g3 Re4 24. Qb5 d4 25. exd4 1-0

[Event "IECC Trio 683 email"]
[Site "IECC email"]
[Date "1999.02.03"]
[Round "?"]
[White "Loder, William"]
[Black "Massey, Alan"]
[Result "0-1"]
[WhiteElo "1096"]
[BlackElo "1053"]
[PlyCount "100"]
[EventDate "1999.??.??"]
[EventType "tourn (corr)"]
[EventRounds "4"]
[SourceTitle "Corr 2008"]
[Source "ChessBase"]
[SourceDate "2008.06.24"]
[SourceVersion "1"]
[SourceVersionDate "2008.06.24"]
[SourceQuality "1"]

1. e4 e6 2. d4 d5 3. Nc3 Bb4 4. Bd2 dxe4 5. Nxe4 Qxd4 6. Nc3 Nf6 7. Nf3 Qb6 8. Bb5+ Bd7 9. Qe2 Bxb5 10. Qxb5+ Nc6 11. Qxb6 cxb6 12. 0-0 Rd8 13. Rad1 0-0 14. a3 Bc5 15. Rfe1 Rd7 16. Bg5 Rfd8 17. Rxd7 Rxd7 18. Bxf6 gxf6 19. Ne4 Be7 20. g4 Nd4 21. Nxd4 Rxd4 22. Kg2 Kg7 23. f4 h5 24. c3 Rd3 25. gxh5 f5 26. Nf2 Rd2 27. b4 Bh4 28. Rf1 Kh6 29. c4 Kxh5 30. Kf3 Bxf2 31. Rxf2 Rd3+ 32. Kg2 Rxa3 33. Rd2 Kg4 34. Rd7 Ra2+ 35. Kg1 Kf3 36. h4 Rg2+ 37. Kf1 Rh2 38. Kg1 Rxh4 39. Rxf7 Rxf4 40. Rxb7 Rg4+ 41. Kh2 Rxc4 42. b5 e5 43. Rxa7 Rc2+ 44. Kh3 Rb2 45. Ra1 e4 46. Rf1+ Rf2 47. Rc1 e3 48. Rc3 Rf1 49. Kh4 Kf2 50. Rc2+ e2 0-1

[Event "IECC M email"]
[Site "IECC email"]
[Date "1998.05.09"]
[Round "?"]
[White "Bieschke, Manfred"]
[Black "Loder, William"]
[Result "1-0"]
[WhiteElo "1259"]
[BlackElo "1100"]
[PlyCount "41"]
[EventDate "1998.??.??"]
[EventType "tourn (corr)"]
[EventRounds "12"]
[SourceTitle "Corr 2008"]
[Source "ChessBase"]
[SourceDate "2008.06.24"]
[SourceVersion "1"]
[SourceVersionDate "2008.06.24"]
[SourceQuality "1"]

1. d4 Nf6 2. c4 e6 3. Nf3 b6 4. g3 Bb7 5. Bg2 Bb4+ 6. Bd2 a5 7. 0-0 d5 8. Bxb4 axb4 9. Qc2 Ba6 10. cxd5 Nxd5 11. Re1 0-0 12. e4 Nf6 13. Nbd2 Nbd7 14. Ng5 c5 15. e5 g6 16. Bxa8 Qxa8 17. exf6 cxd4 18. Nde4 h6 19. Nf3 e5 20. Qd2 Bb7 21. Qxh6 1-0